Normal view
MARC view
- Deo, Narsingh .
Entry Personal Name
001 - CONTROL NUMBER
- control field: 514
003 - CONTROL NUMBER IDENTIFIER
- control field: OSt
005 - DATE AND TIME OF LATEST TRANSACTION
- control field: 20160621112233.0
008 - FIXED-LENGTH DATA ELEMENTS
- fixed length control field: 160621|| aca||aabn | a|a d
040 ## - CATALOGING SOURCE
- Original cataloging agency: OSt
- Transcribing agency: OSt
100 ## - HEADING--PERSONAL NAME
- Personal name: Deo, Narsingh .
670 ## - SOURCE DATA FOUND
- Source citation: Work cat.: (OSt)13035: Deo, Narsingh ., Graph Theory with Applications to Engineering and Computer Science / , 2013
